| 000 | 00837na a2200265 4500 | ||
|---|---|---|---|
| 001 | 14084 | ||
| 003 | MIRAKIL | ||
| 005 | 20181213154919.0 | ||
| 008 | 160823b tu 000 0 | ||
| 020 | _a9756774037 | ||
| 035 | _a14084 | ||
| 040 |
_aMilas _btur _cTR-AnCHP |
||
| 082 |
_aATA 956.1024 _bG94a 2000 |
||
| 090 | _aATA 956.1024 G94a 2000 | ||
| 100 | _aGüler, Ali | ||
| 245 |
_aAtatürk'ün düşünce dünyası _cAli Güler, Suat Akgül |
||
| 260 |
_aİstanbul _bToplumsal dönüşüm yayınları _c2000 |
||
| 300 |
_a269 s. _c19 sm. |
||
| 490 |
_aAraştırma ve İnceleme _v33 |
||
| 490 |
_aToplumsal Dönüşüm Yayınları _v119 |
||
| 600 |
_aAtatürk, Mustafa Kemal _d1881-1938 _xKurtuluş Savaşı |
||
| 600 |
_aAtatürk, Mustafa Kemal _d1881-1938 _xAtatürk devrimleri |
||
| 700 | _aAkgül, Suat | ||
| 942 |
_2dcc _cBKS |
||
| 999 |
_c3084 _d3084 |
||